| 000 | 00866nam a22002057a 4500 | ||
|---|---|---|---|
| 003 | BD-ChCU | ||
| 005 | 20260513100353.0 | ||
| 008 | 260513b bg ||||| |||| 00| 0 ben d | ||
| 020 | _a9847013103260 | ||
| 040 | _cBD-ChCU | ||
| 082 |
_223 _a১৮১ জাহা৯ক্ল |
||
| 100 |
_aজাহান, তাসমিনা। _922896 |
||
| 245 |
_aক্লাসিক্যাল মুসলিম দারসনিকবৃন্দ / _cতাসমিনা জাহান। |
||
| 260 |
_aঢাকাঃ _bমেরিট ফেয়ার প্রকাশন, _c২০১৩ |
||
| 300 | _a৩৩৬ পৃ. | ||
| 504 | _aসম্বলিত। | ||
| 650 | 0 |
_a মুসলিম-দার্শনিক। _922897 |
|
| 700 |
_aখলিল, মোঃ ইব্রাহিম। _eযুগ্ন লেখক _922898 |
||
| 942 |
_2ddc _cBK _n0 |
||
| 999 |
_c112930 _d112930 |
||